000 00392nam a22001217a 4500
999 _c2589
_d2589
005 20200921093530.0
008 200921b ||||| |||| 00| 0 eng d
020 _a0091260507
040 _cCML
245 _aThe Concise Encyclopedia of music and Musucians.
_cCooper, M.
260 _aLondon
_bHutchinson & Co (Publishers) Ltd
_c1975
942 _2ddc
_cBK
_e3rd Edition
_h780.3
_mCOO